| 000 | 01226nac a22002531i 4500 | ||
|---|---|---|---|
| 003 | EG-ScBUE | ||
| 005 | 20231205103536.0 | ||
| 008 | 100824s1978 ua b f b 000 0 ara d | ||
| 040 |
_aEG-ScBUE _bara _erda _cEG-ScBUE _dEG-ScBUE |
||
| 082 | 0 | 4 |
_a909.07 _bع ا ش _222 |
| 100 | 1 |
_aعاشور ، سعيد عبد الفتاح، _eمؤلف. _916009 |
|
| 245 | 1 | 2 |
_aالحركة الصليبية : _bصفحة مشرقة في تاريخ الجهاد العربي في العصور الوسطى. _nالجزء الأول / _cتأليف دكتور سعيد عبد الفتاح عاشور، أستاذ كرسي تاريخ العصور الوسطى، كلية الآداب، جامعة القاهرة. |
| 250 | _aالطبعة الثالثة. | ||
| 264 | 1 |
_aالقاهرة : _bمكتبة الأنجلو المصرية، _c1978. |
|
| 300 |
_a576 صفحة : _cخرائط ؛ _b24 سم |
||
| 336 |
_2rdacontent _aنص _btxt |
||
| 337 |
_aبدون وسيط _2rdamedia _bn |
||
| 338 |
_aمجلد _bnc _2rdacarrier |
||
| 504 | _aيشتمل على إرجاعات ببليوجرافية. | ||
| 650 | 7 |
_aالحروب الصليبية _yالعصور الوسطى. _2BUEsh _913572 |
|
| 653 | _cNovember2011 | ||
| 655 | _vReading book | ||
| 942 |
_cBB _2ddc |
||
| 999 |
_c16264 _d16264 |
||